01344nam a2200277Ia 450000500170000000800410001702000150005804100080007308200130008124501760009425000180027030000180028850503650030665000560067165000360072765000300076365000530079365000090084670000370085570000210089226400300091333600270094333700330097033800280100304000350103120220316235548.0121119s9999 xx 000 0 und d a8480555572 aspa04a384bT2110aTécnico en telecomunicacionescredacción Julián Espinoza de los Monteros, Oscar López Gómez, Santiago García ; dibujantes Luis María Bilbao, Juan Pablo Mora. a1a. edición a3 volúmenes aV.1 Conocimientos previos ; Sistemas y servicios de telecomunicaciones ; Redes de telecomunicacioón ; Principios de comunicación ; Multiplexación y otros conceptos ; Medios de transmisión de antenas. -- V.2 Conmutación telefónica ; Transmisión vía radio. -- V.3 Comunicaciones vía satélite ; Comunicaciones móviles ; Nuevas tecnologías.142LEMBaComunicación xInnovaciones Tecnológicas.142LEMBaComunicaciones Digitales.142LEMBaTelecomunicaciones.142LEMBaRedes de telecomunicaciones.xEnseñanza.142LEMB1 aBilbao, Luis Maríaeilustrador1 aMora, Juan Pablo aBarcelonabCulturalc2002 atextobtxt2rdacontent asin mediaciónbn2rdamedia avolumenbnc2rdacarrier aCO-BoRNBPbspaerdacCO-BoRNBP